| 000 | 00612nam a2200217 a 4500 | ||
|---|---|---|---|
| 001 | 68903 | ||
| 003 | BD-RjUL | ||
| 005 | 20211209081826.0 | ||
| 008 | 170408s1967 xx a 000 0 fre | ||
| 035 | _a(BD-RjUL)69114 | ||
| 040 |
_aDLC _cOCU _dDLC _dBD-RjUL _beng |
||
| 041 | _aeng | ||
| 082 |
_223 _a552.5 _bVAM 1967 |
||
| 100 | 1 |
_aVatan, André. _9204168 |
|
| 245 | 1 | 0 |
_aManuel de sédimentologie / _cAndré Vatan. |
| 260 |
_aParis : _bÉditions Technip, _cc1967. |
||
| 300 |
_axxiii, 397 p. : _bill. ; _c25 cm. |
||
| 504 | _aIncludes bibliographies. | ||
| 650 | 0 |
_aSedimentary rocks. _9204169 |
|
| 942 |
_2ddc _cBK |
||
| 999 |
_c68903 _d68903 |
||